004980000a22002290004500650001200000650001400012650000800026650001200034651001000046015000800056082002300064518001500087530000600102100001800108245006400126020001800190260001400208260001400222300001000236365001400246041000800260 aHistory aThe State aWar aTemples aNepal aNNB aN954.26bJ887acNC a2007-06-07 aM aJoshi, Indira aAdhunik Nepalko nirmanma Badakaji Amar Simha Thapako yogdan a99946-996-3-6 aKathmandu c2063 B.S. a164p. aRs.100.00 aNep